عرض عادي
عرض مارك
- SCIENCE / Mechanics / General
مدخل مصطلح موضوعي
001 - رقم الضبط
- حقل الضبط: 51925
003 - معرف رقم الضبط
- حقل الضبط: OSt
005 - تاريخ ووقت أخر عملية
- حقل الضبط: 20151012091906.0
008 - عناصر بيانات ثابتة الطول
- حقل تحكم ثابت الطول: 151012|| aca||aabn | a|a d
040 ## - مصدر الفهرسة
- هيئة الفهرسة الأصلية: OSt
- وكالة الكتابة: OSt
150 ## - مدخل-- مصطلح تاريخي
- عنصر مدخل المصطلح الموضوعي او الاسم الجغرافي: SCIENCE / Mechanics / General
670 ## - بيانات المصدر موجوده
- الاستشهاد بالمصدر: Work cat.: (OSt)0: Rajput, R. K. 51923, A Textbook of Manufacturing technology , 2014.
